| 000 | 00756nam a2200229 i 4500 | ||
|---|---|---|---|
| 001 | 172135 | ||
| 003 | ES-MaACL | ||
| 005 | 20250831024209.0 | ||
| 008 | 090616s1982 sp |||| |bspa d | ||
| 080 | _a929 Romero, Óscar Arnulfo, Arzobispo de San Salvador | ||
| 080 | _a322(728.4)"19" | ||
| 100 | 1 |
_aSobrino, Jon. _9107003 |
|
| 245 | 1 | 0 |
_aMons. Romero, verdadero profeta / _cJon Sobrino. |
| 260 |
_aBilbao : _bDesclée de Brouwer, _c[1982] |
||
| 300 |
_a140 p. ; _c21 cm. |
||
| 490 | 1 |
_aTercer mundo / Tercera iglesia ; _v12 |
|
| 600 | 1 | 4 |
_aRomero, Óscar A. _9140707 |
| 650 | 1 | 7 |
_aIglesia y Estado- _zEl Salvador _2 _9140710 |
| 830 | 0 |
_aTercer mundo / Tercera iglesia ; _v12 _9223252 |
|
| 852 |
_aES-MaACL _jL-1668 |
||
| 999 |
_c172135 _d172135 |
||